Normal view
MARC view
Entry Uniform Title
001 - CONTROL NUMBER
- control field: 11583
003 - CONTROL NUMBER IDENTIFIER
- control field: BD-RjUL
005 - DATE AND TIME OF LATEST TRANSACTION
- control field: 20240208150818.0
008 - FIXED-LENGTH DATA ELEMENTS
- fixed length control field: 240208|| aca||aabn | a|a d
040 ## - CATALOGING SOURCE
- Original cataloging agency: BD-RjUL
- Transcribing agency: BD-RjUL
130 ## - HEADING--UNIFORM TITLE
- Uniform title: Routledge paperbacks
670 ## - SOURCE DATA FOUND
- Source citation: Work cat.: (BD-RjUL)18380: Hayward, Arthur Lawrence, 1885-1967. 56604, The Dickens encyclopaedia :, 1924, [reprinted 1969,1971]